000 00685nam a2200133Ia 4500
008 171212s9999 xx 000 0 und d
020 _a9780833048035
100 _aBruce, James B.;Martini, Jeffrey
245 _cBruce, James B.;Martini, Jeffrey
_aWhither Al-Anbar Province?
_bFive Scenarios Through 2011
260 _bRAND Corporation
_c2010
650 _aAnbar (Iraq : Province) -- Politics and government -- 21st century -- Forecasting -- Congresses; Anbar (Iraq : Province) -- Social conditions -- 21st century -- Forecasting -- Congresses; Anbar (Iraq : Province) -- Economic conditions -- 21st century -- F
650 _aHistory
856 _uwww.jstor.org/stable/10.7249/op278mcia
999 _c352819
_d352819